[Event "EU-chT (Women) 08th"]
[Site "Novi Sad"]
[Date "2009.10.28"]
[Round "7"]
[White "Schuurman, Petra"]
[Black "Ragger, Anna Christina"]
[Result "1-0"]
[WhiteElo "2348"]
[BlackElo "2254"]
[PlyCount "71"]
[EventDate "2009.10.22"]
[EventType "team-swiss"]
[EventRounds "9"]
[EventCountry "YUG"]
[SourceTitle "EXT 2010"]
[Source "ChessBase"]
[SourceDate "2010.11.25"]
[SourceVersion "1"]
[SourceVersionDate "2010.11.25"]
[SourceQuality "1"]
[WhiteTeam "Netherlands (W)"]
[BlackTeam "Austria (W)"]
[WhiteTeamCountry "NED"]
[BlackTeamCountry "AUT"]

1. d4 Nf6 2. Nf3 e6 3. c4 b6 4. g3 Ba6 5. Qc2 Bb4+ 6. Bd2 Be7 7. e4 d5 8. cxd5 Bxf1 9. Kxf1 exd5 10. e5 Ne4 11. Nc3 Nxc3 12. bxc3 Qd7 13. Kg2 Nc6 14. c4 0-0-0 15. Rhc1 dxc4 16. Qxc4 Kb7 17. a4 a5 18. Rab1 Bb4 19. Bg5 Ne7 20. Bxe7 Qxe7 21. Qc6+ Kb8 22. d5 Qd7 23. Qc4 Kb7 24. Rd1 h5 25. h4 Rh6 26. Ng5 Re8 27. f4 Rg6 28. Rbc1 Bc5 29. Qe4 Rxg5 30. hxg5 h4 31. f5 hxg3 32. Rc3 f6 33. d6+ c6 34. e6 Qd8 35. Rxc5 bxc5 36. Rb1+ 1-0

[Event "BCF-chT2d 0809 (4NCL) Demotion pool"]
[Site "Hinckley Island"]
[Date "2009.03.22"]
[Round "8.4"]
[White "Pleasants, Allan J"]
[Black "Schuurman, Petra"]
[Result "1/2-1/2"]
[WhiteElo "2080"]
[BlackElo "2348"]
[PlyCount "124"]
[EventDate "2008.10.04"]
[EventType "team-tourn"]
[EventRounds "4"]
[EventCountry "ENG"]
[SourceTitle "EXT 2010"]
[Source "ChessBase"]
[SourceDate "2010.11.25"]
[SourceVersion "1"]
[SourceVersionDate "2010.11.25"]
[SourceQuality "1"]
[WhiteTeam "Wessex II"]
[BlackTeam "CHEDP"]
[WhiteTeamCountry "ENG"]
[BlackTeamCountry "ENG"]

1. Nf3 d5 2. c4 d4 3. g3 c5 4. b4 Nf6 5. Bg2 a5 6. bxc5 Nc6 7. 0-0 e5 8. e3 Bxc5 9. exd4 exd4 10. Re1+ Ne7 11. Ba3 Qd6 12. Bxc5 Qxc5 13. Re5 Qd6 14. c5 Qd8 15. Qa4+ Nd7 16. Re4 0-0 17. Qxd4 Nc6 18. Qd6 Nb4 19. Nc3 Ra6 20. Qf4 Nxc5 21. Rd4 Qf6 22. Qxf6 Rxf6 23. Nd5 Nxd5 24. Rxd5 b6 25. Nd4 Bb7 26. Rf5 Rd6 27. Bxb7 Rxd4 28. Rd5 Rd8 29. Re1 g6 30. Rxd8+ Rxd8 31. Bc6 Rxd2 32. Rb1 Rd6 33. Bb5 Kg7 34. Re1 Kf6 35. Re8 h5 36. h4 Ne6 37. Rb8 Nd4 38. Bc4 Nf3+ 39. Kg2 Nd2 40. Bb5 Ke5 41. Rb7 f5 42. Be8 Ne4 43. Rg7 Rd2 44. Bxg6 Rxf2+ 45. Kg1 Rxa2 46. Bxh5 b5 47. Rb7 b4 48. Rb5+ Kf6 49. g4 fxg4 50. Bxg4 Ra3 51. Bd7 b3 52. h5 Kg7 53. Rb6 Nf6 54. h6+ Kxh6 55. Rxf6+ Kg5 56. Rf5+ Kh4 57. Kg2 Ra1 58. Rb5 a4 59. Rb4+ Kg5 60. Bxa4 b2 61. Rxb2 Rxa4 62. Rb8 Ra2+ 1/2-1/2

[Event "Olympiad Women-38"]
[Site "Dresden"]
[Date "2008.11.23"]
[Round "10"]
[White "Schuurman, Petra"]
[Black "Stockova, Zuzana"]
[Result "1-0"]
[WhiteElo "2324"]
[BlackElo "2430"]
[PlyCount "79"]
[EventDate "2008.11.13"]
[EventType "team-swiss"]
[EventRounds "11"]
[EventCountry "GER"]
[SourceTitle "CBM 128"]
[Source "ChessBase"]
[SourceDate "2009.01.28"]
[SourceVersion "1"]
[SourceVersionDate "2009.01.28"]
[SourceQuality "1"]
[WhiteTeam "Netherlands (W)"]
[BlackTeam "Slovakia (W)"]
[WhiteTeamCountry "NED"]
[BlackTeamCountry "SVK"]

1. d4 Nf6 2. Nf3 e6 3. c4 c5 4. d5 d6 5. Nc3 exd5 6. cxd5 g6 7. h3 Bg7 8. e4 0-0 9. Bd3 a6 10. a4 Re8 11. 0-0 Nbd7 12. Bf4 Qe7 13. Re1 Nh5 14. Bh2 Ne5 15. Be2 Nxf3+ 16. Bxf3 Nf6 17. e5 dxe5 18. d6 Qd8 19. Bxe5 Rb8 20. Qd2 Bd7 21. Qf4 Re6 22. Re3 Qf8 23. g4 Bc6 24. Bxc6 bxc6 25. Rd1 Rb4 26. Qf3 Rxe5 27. Rxe5 Nxg4 28. Rxc5 Ne5 29. Rxe5 Bxe5 30. d7 Rb8 31. Qxc6 Qd8 32. Re1 Qg5+ 33. Kf1 Kg7 34. Qd5 Bf6 35. Qxg5 Bxg5 36. Re8 Rd8 37. Ne4 Bh4 38. Nc5 a5 39. Rxd8 Bxd8 40. Nb7 1-0

[Event "Olympiad Women-38"]
[Site "Dresden"]
[Date "2008.11.21"]
[Round "8"]
[White "Schuurman, Petra"]
[Black "Voicu Jagodzinsky, Carmen"]
[Result "0-1"]
[WhiteElo "2324"]
[BlackElo "2239"]
[PlyCount "92"]
[EventDate "2008.11.13"]
[EventType "team-swiss"]
[EventRounds "11"]
[EventCountry "GER"]
[SourceTitle "CBM 128"]
[Source "ChessBase"]
[SourceDate "2009.01.28"]
[SourceVersion "1"]
[SourceVersionDate "2009.01.28"]
[SourceQuality "1"]
[WhiteTeam "Netherlands (W)"]
[BlackTeam "Romania (W)"]
[WhiteTeamCountry "NED"]
[BlackTeamCountry "ROU"]

1. d4 Nf6 2. c4 c5 3. d5 e6 4. Nc3 exd5 5. cxd5 d6 6. Nf3 g6 7. Nd2 Nbd7 8. e4 Bg7 9. Be2 0-0 10. 0-0 Re8 11. Re1 a6 12. a4 Rb8 13. Ra3 Ne5 14. Nf1 c4 15. b4 cxb3 16. Rxb3 Ned7 17. Ng3 Nc5 18. Rb4 Qa5 19. Ba3 h5 20. Bd3 Ng4 21. Nge2 Bd7 22. Bc2 b5 23. Qb1 Rbc8 24. h3 Ne5 25. f4 Nc4 26. Bc1 Nxa4 27. Nxa4 bxa4 28. Bd3 Qc5+ 29. Kh2 Qf2 30. Rg1 Ne3 31. Bb2 Qh4 32. f5 Ng4+ 33. Kh1 Nf2+ 34. Kh2 Ng4+ 35. Kh1 Nf2+ 36. Kh2 Bh6 37. Bd4 Nxd3 38. Qxd3 Qxe4 39. Qxe4 Rxe4 40. fxg6 Rxe2 41. gxf7+ Kxf7 42. Rf1+ Ke8 43. Rb7 Rcc2 44. Rb8+ Bc8 45. Kh1 Be3 46. Bg7 Bf2 0-1

[Event "Olympiad Women-38"]
[Site "Dresden"]
[Date "2008.11.20"]
[Round "7"]
[White "Ushenina, Anna"]
[Black "Schuurman, Petra"]
[Result "1-0"]
[WhiteElo "2496"]
[BlackElo "2324"]
[PlyCount "112"]
[EventDate "2008.11.13"]
[EventType "team-swiss"]
[EventRounds "11"]
[EventCountry "GER"]
[SourceTitle "CBM 128"]
[Source "ChessBase"]
[SourceDate "2009.01.28"]
[SourceVersion "1"]
[SourceVersionDate "2009.01.28"]
[SourceQuality "1"]
[WhiteTeam "Ukraine (W)"]
[BlackTeam "Netherlands (W)"]
[WhiteTeamCountry "UKR"]
[BlackTeamCountry "NED"]

1. e4 c6 2. d4 d5 3. e5 Bf5 4. Nf3 e6 5. Be2 Bg6 6. 0-0 Nh6 7. Nbd2 Be7 8. Nb3 0-0 9. a4 a5 10. Bd2 b6 11. Rc1 Na6 12. c4 Nb4 13. cxd5 Qxd5 14. Bxh6 gxh6 15. Nfd2 Qd7 16. Bf3 Rac8 17. Ne4 Nd5 18. Nbd2 f5 19. exf6 Nxf6 20. Qb3 Bb4 21. Qe3 Nd5 22. Qxh6 Nf4 23. Rfd1 Qxd4 24. Nc4 Nd3 25. Rxd3 Qxd3 26. Ne5 Qd4 27. Nxg6 Rxf3 28. gxf3 hxg6 29. Kh1 Qg7 30. Qh3 Qe5 31. Rg1 Qf5 32. Rg4 Be7 33. Qg3 Kg7 34. Kg2 e5 35. Nd2 b5 36. Re4 Bf6 37. Nb3 bxa4 38. Nxa5 Rb8 39. Rxa4 Qc2 40. Rc4 Qd2 41. Nxc6 Rb5 42. b4 Qd5 43. Qg4 e4 44. Qxe4 Qd6 45. f4 Rh5 46. Nd4 Kh6 47. h3 Qd7 48. Qe6 Qd5+ 49. Qxd5 Rxd5 50. Nc6 Rd2 51. b5 Bh4 52. Kf3 Bxf2 53. Rb4 Bb6 54. Ne5 Kh5 55. Ke4 Rd8 56. Ra4 Re8 1-0

[Event "Olympiad Women-38"]
[Site "Dresden"]
[Date "2008.11.15"]
[Round "3"]
[White "Schuurman, Petra"]
[Black "Zhao, Xue"]
[Result "1/2-1/2"]
[WhiteElo "2324"]
[BlackElo "2518"]
[PlyCount "120"]
[EventDate "2008.11.13"]
[EventType "team-swiss"]
[EventRounds "11"]
[EventCountry "GER"]
[SourceTitle "CBM 128"]
[Source "ChessBase"]
[SourceDate "2009.01.28"]
[SourceVersion "1"]
[SourceVersionDate "2009.01.28"]
[SourceQuality "1"]
[WhiteTeam "Netherlands (W)"]
[BlackTeam "China (W)"]
[WhiteTeamCountry "NED"]
[BlackTeamCountry "CHN"]

1. d4 d5 2. c4 e6 3. Nf3 Nf6 4. Nc3 Bb4 5. cxd5 exd5 6. Qa4+ Nc6 7. Bg5 h6 8. Bxf6 Qxf6 9. e3 0-0 10. Be2 Rd8 11. 0-0 a6 12. Rfc1 Be6 13. Qd1 Bd6 14. Na4 Ne7 15. Nc5 Bc8 16. b4 Ng6 17. a4 b6 18. Nd3 Qe7 19. Qb3 Rb8 20. Qc3 f6 21. a5 Nf8 22. Nc5 Bxc5 23. dxc5 b5 24. Nd4 Bd7 25. c6 Be6 26. Qc5 Kf7 27. f4 Qxc5 28. Rxc5 f5 29. Bf3 Nh7 30. Rd1 Nf6 31. Ne2 g6 32. Kf2 Rd6 33. h3 Ke7 34. Nd4 h5 35. h4 Bf7 36. g3 Rdd8 37. Ne2 Rd6 38. Nd4 Rdd8 39. Ke2 Ne8 40. Rd2 Nd6 41. Nc2 Ne4 42. Bxe4 dxe4 43. Re5+ Kf6 44. Rxd8 Rxd8 45. Nd4 Rd5 46. Rxd5 Bxd5 47. Kd2 Ke7 48. Kc2 Kd6 49. Kc3 Bf7 50. Kc2 Bc4 51. Kb2 Bg8 52. Kc3 Bd5 53. Kc2 Bxc6 54. Nb3 Bd7 55. Kc3 Kd5 56. Nc5 Bc8 57. Nb3 Bd7 58. Nc5 Bc8 59. Nb3 Bd7 60. Nc5 Bc8 1/2-1/2

[Event "Olympiad Women-38"]
[Site "Dresden"]
[Date "2008.11.13"]
[Round "1"]
[White "Chirivi Castiblanco, Jenny Astrid"]
[Black "Schuurman, Petra"]
[Result "0-1"]
[WhiteElo "2175"]
[BlackElo "2324"]
[PlyCount "76"]
[EventDate "2008.11.13"]
[EventType "team-swiss"]
[EventRounds "11"]
[EventCountry "GER"]
[SourceTitle "CBM 128"]
[Source "ChessBase"]
[SourceDate "2009.01.28"]
[SourceVersion "1"]
[SourceVersionDate "2009.01.28"]
[SourceQuality "1"]
[WhiteTeam "Columbia (W)"]
[BlackTeam "Netherlands (W)"]
[WhiteTeamCountry "COL"]
[BlackTeamCountry "NED"]

1. d4 Nf6 2. c4 e6 3. Nf3 c5 4. d5 b5 5. dxe6 fxe6 6. b3 d5 7. e3 b4 8. Bb2 Bd6 9. a3 0-0 10. axb4 cxb4 11. Nbd2 Nbd7 12. Be2 a5 13. 0-0 Nc5 14. Ne5 Qc7 15. f4 Bb7 16. Ndf3 Nfe4 17. Nd4 Nc3 18. Bxc3 bxc3 19. Nb5 Qe7 20. Nxd6 Qxd6 21. Qc2 Qb6 22. Qxc3 Qxb3 23. Qd4 Qb4 24. Rab1 Nb3 25. Qd1 a4 26. Bd3 Qe7 27. Qh5 g6 28. Qe2 Qg7 29. h3 Rac8 30. cxd5 Bxd5 31. e4 Qa7+ 32. Kh2 Ba8 33. Bc4 Nd4 34. Qe3 Rc7 35. Rfd1 Rd8 36. Ng4 Rxc4 37. Nf6+ Kg7 38. e5 Nf3+ 0-1

[Event "WMSG Rapid Team 1st (Women)"]
[Site "Beijing"]
[Date "2008.10.14"]
[Round "2"]
[White "Houska, Jovanka"]
[Black "Schuurman, Petra"]
[Result "1-0"]
[WhiteElo "2399"]
[BlackElo "2324"]
[PlyCount "73"]
[EventDate "2008.10.14"]
[EventType "team (rapid)"]
[EventRounds "9"]
[EventCountry "CHN"]
[SourceTitle "CBM 126 Extra"]
[Source "ChessBase"]
[SourceDate "2008.11.05"]
[SourceVersion "1"]
[SourceVersionDate "2008.11.05"]
[SourceQuality "1"]

1. d4 Nf6 2. Nf3 b6 3. c4 Bb7 4. g3 e5 5. d5 e4 6. Nd4 c6 7. dxc6 Nxc6 8. Nxc6 Bxc6 9. Bg2 d5 10. cxd5 Qxd5 11. Qxd5 Bxd5 12. 0-0 Bb4 13. a3 Be7 14. Nc3 Bb7 15. Bg5 0-0 16. Rfd1 Rfe8 17. Nb5 Rac8 18. Nxa7 Rc2 19. Rd2 Rxd2 20. Bxd2 Bc5 21. e3 Ng4 22. Nb5 Ne5 23. b4 Bf8 24. Rc1 Rd8 25. Nd4 Ra8 26. Rc7 Bd5 27. Nb5 Nc4 28. Bc1 f5 29. g4 fxg4 30. Nc3 Be6 31. Bxe4 Rd8 32. Kg2 g6 33. Ne2 Rd1 34. Bc2 Bd5+ 35. e4 Re1 36. exd5 Rxe2 37. Rxc4 1-0

[Event "WMSG Blitz Team 1st (Women)"]
[Site "Beijing"]
[Date "2008.10.13"]
[Round "7"]
[White "Otgonjargal, Sengeravdan"]
[Black "Schuurman, Petra"]
[Result "0-1"]
[WhiteElo "2142"]
[BlackElo "2324"]
[PlyCount "117"]
[EventDate "2008.10.13"]
[EventType "team (blitz)"]
[EventRounds "11"]
[EventCountry "CHN"]
[SourceTitle "CBM 126 Extra"]
[Source "ChessBase"]
[SourceDate "2008.11.05"]
[SourceVersion "1"]
[SourceVersionDate "2008.11.05"]
[SourceQuality "1"]

1. e4 c6 2. d4 d5 3. Nd2 dxe4 4. Nxe4 Bf5 5. Ng3 Bg6 6. h4 h6 7. h5 Bh7 8. Bc4 e6 9. Nf3 Nd7 10. c3 Qc7 11. Qe2 0-0-0 12. b4 Bd6 13. Ne4 Bxe4 14. Qxe4 Ngf6 15. Qe2 Nb6 16. Bb3 Rhe8 17. Ne5 Nfd5 18. Bd2 f6 19. Nc4 Nxc4 20. Qxc4 e5 21. 0-0-0 exd4 22. Qxd4 Be5 23. Qxa7 Bxc3 24. Bxc3 Nxc3 25. Qa8+ Qb8 26. Rxd8+ Rxd8 27. Qxb8+ Kxb8 28. Kc2 Ne4 29. f3 Ng3 30. Re1 Rd7 31. Be6 Re7 32. Kd2 Nxh5 33. Bg4 Rxe1 34. Kxe1 Nf4 35. Kf1 Kc7 36. g3 Nd3 37. a3 Ne5 38. Bh5 g6 39. f4 gxh5 40. fxe5 fxe5 41. Ke2 Kd6 42. Ke3 Kd5 43. Kf3 Kd4 44. Ke2 Ke4 45. a4 Kd4 46. Kf3 Kc4 47. Ke4 Kxb4 48. Kxe5 c5 49. Kf5 c4 50. Kg6 c3 51. Kxh6 c2 52. Kxh5 c1Q 53. g4 Kc5 54. g5 Kd6 55. g6 Ke6 56. Kg4 Kf6 57. Kf3 Kxg6 58. Ke4 Kf6 59. Kd4 0-1

[Event "WMSG Blitz Team 1st (Women)"]
[Site "Beijing"]
[Date "2008.10.13"]
[Round "6"]
[White "Schuurman, Petra"]
[Black "Rogule, Laura"]
[Result "0-1"]
[WhiteElo "2324"]
[BlackElo "2260"]
[PlyCount "70"]
[EventDate "2008.10.13"]
[EventType "team (blitz)"]
[EventRounds "11"]
[EventCountry "CHN"]
[SourceTitle "CBM 126 Extra"]
[Source "ChessBase"]
[SourceDate "2008.11.05"]
[SourceVersion "1"]
[SourceVersionDate "2008.11.05"]
[SourceQuality "1"]

1. Nf3 c5 2. c4 Nc6 3. Nc3 g6 4. d4 cxd4 5. Nxd4 Bg7 6. Nc2 d6 7. e4 Nf6 8. Be2 0-0 9. 0-0 Bd7 10. Be3 Rc8 11. b4 Ne5 12. Na3 b6 13. Rc1 Nc6 14. Qb3 Ng4 15. Bxg4 Bxg4 16. f3 Bd7 17. Rfd1 Qe8 18. Nab5 a6 19. Nd4 Ne5 20. Nd5 Ba4 21. Nxe7+ Kh8 22. Qa3 Bxd1 23. Nxc8 Qxc8 24. Rxd1 Nxc4 25. Qb3 b5 26. Bf2 Qc7 27. a4 bxa4 28. Qa2 Nb6 29. Qa3 Rc8 30. h3 Qc4 31. Nf5 gxf5 32. Bxb6 fxe4 33. fxe4 Qc2 34. Re1 Rc3 35. Qa1 Re3 0-1

[Event "WMSG Rapid 1st (Women)"]
[Site "Beijing"]
[Date "2008.10.07"]
[Round "8"]
[White "Zenyuk, Iryna"]
[Black "Schuurman, Petra"]
[Result "1-0"]
[WhiteElo "2237"]
[BlackElo "2324"]
[PlyCount "95"]
[EventDate "2008.10.05"]
[EventType "swiss (rapid)"]
[EventRounds "9"]
[EventCountry "CHN"]
[SourceTitle "CBM 126 Extra"]
[Source "ChessBase"]
[SourceDate "2008.11.05"]
[SourceVersion "1"]
[SourceVersionDate "2008.11.05"]
[SourceQuality "1"]

1. d4 Nf6 2. Nf3 b6 3. c4 Bb7 4. g3 e5 5. dxe5 Ng4 6. Bg2 Nxe5 7. Nbd2 Nxf3+ 8. Nxf3 Bb4+ 9. Bd2 Bxd2+ 10. Qxd2 0-0 11. 0-0 d6 12. Qc2 Nd7 13. Ng5 Qxg5 14. Bxb7 Rad8 15. Rad1 Nc5 16. Bc6 Qg6 17. Qxg6 hxg6 18. b4 Nd7 19. f4 Rfe8 20. e4 Re7 21. e5 Nb8 22. Bf3 Kf8 23. c5 Na6 24. cxd6 cxd6 25. a3 d5 26. Bxd5 Red7 27. Bb3 Nc7 28. Rxd7 Rxd7 29. Rd1 Rxd1+ 30. Bxd1 Nb5 31. a4 Nc3 32. Bb3 a5 33. bxa5 bxa5 34. Kf2 Ne4+ 35. Ke3 Nc5 36. Bd1 Ke7 37. Kd4 Ne6+ 38. Kc4 Kd8 39. Bg4 Nc7 40. Kc5 f6 41. Kc6 f5 42. Bd1 Ne6 43. Kd6 Nc7 44. Be2 Ne8+ 45. Ke6 Nc7+ 46. Kf7 Nd5 47. e6 g5 48. Bc4 1-0

[Event "WMSG Rapid 1st (Women)"]
[Site "Beijing"]
[Date "2008.10.06"]
[Round "4"]
[White "Ozturk Orenli, Kubra"]
[Black "Schuurman, Petra"]
[Result "1-0"]
[WhiteElo "2254"]
[BlackElo "2324"]
[PlyCount "71"]
[EventDate "2008.10.05"]
[EventType "swiss (rapid)"]
[EventRounds "9"]
[EventCountry "CHN"]
[SourceTitle "CBM 126 Extra"]
[Source "ChessBase"]
[SourceDate "2008.11.05"]
[SourceVersion "1"]
[SourceVersionDate "2008.11.05"]
[SourceQuality "1"]

1. d4 Nf6 2. c4 b6 3. Nf3 Bb7 4. e3 Ne4 5. Nbd2 e6 6. a3 Be7 7. Bd3 f5 8. 0-0 0-0 9. Qc2 Nxd2 10. Nxd2 Qe8 11. e4 Nc6 12. Nf3 fxe4 13. Bxe4 Rxf3 14. gxf3 Nxd4 15. Qd3 Bxe4 16. fxe4 c5 17. Kh1 Qh5 18. f4 Rf8 19. Be3 e5 20. Bxd4 exd4 21. Rae1 Rf6 22. e5 Rh6 23. Re2 Qf7 24. f5 Bg5 25. b3 Be3 26. Qe4 Rc6 27. Rg2 Rc8 28. Rf3 Rf8 29. Rfg3 Bh6 30. f6 g5 31. h4 Kh8 32. hxg5 Rg8 33. Qf3 Qg6 34. gxh6 Qxh6+ 35. Rh3 Qc1+ 36. Kh2 1-0

[Event "WMSG Rapid 1st (Women)"]
[Site "Beijing"]
[Date "2008.10.05"]
[Round "3"]
[White "Schuurman, Petra"]
[Black "Socko, Monika"]
[Result "0-1"]
[WhiteElo "2324"]
[BlackElo "2434"]
[PlyCount "150"]
[EventDate "2008.10.05"]
[EventType "swiss (rapid)"]
[EventRounds "9"]
[EventCountry "CHN"]
[SourceTitle "CBM 126 Extra"]
[Source "ChessBase"]
[SourceDate "2008.11.05"]
[SourceVersion "1"]
[SourceVersionDate "2008.11.05"]
[SourceQuality "1"]

1. d4 Nf6 2. c4 e6 3. Nf3 b6 4. g3 Bb7 5. Bg2 Be7 6. 0-0 0-0 7. Nc3 d6 8. Qc2 c5 9. e4 Nc6 10. d5 Nd4 11. Qd1 e5 12. a3 Bc8 13. Ne1 Ba6 14. Qa4 Qc8 15. f4 Rb8 16. Nb5 Bxb5 17. cxb5 Qd7 18. Nd3 exf4 19. gxf4 Qxb5 20. Qxb5 Nxb5 21. e5 Ne8 22. f5 Rd8 23. Bf4 dxe5 24. Nxe5 Bd6 25. Rae1 Nf6 26. Nc6 Rd7 27. Bg5 Nd4 28. Kh1 Re8 29. Bxf6 Rxe1 30. Rxe1 gxf6 31. Re4 Kf8 32. Nxd4 cxd4 33. Rxd4 Be5 34. Rd2 Rc7 35. Bf3 Ke7 36. Kg2 Rc1 37. Be4 Kd6 38. h4 h6 39. Kf3 Rf1+ 40. Ke2 Rf4 41. Kd3 Rxh4 42. Rg2 Rh3+ 43. Kc2 Re3 44. Bd3 Kxd5 45. Rg8 Bc7 46. Rc8 Kd6 47. Rh8 Rh3 48. Rh7 Rh2+ 49. Kc3 Ke7 50. Bc4 Be5+ 51. Kd3 Rxb2 52. Rxf7+ Kd6 53. Rxa7 h5 54. Rh7 Rh2 55. Bf7 h4 56. Bh5 Rh3+ 57. Ke4 Rxa3 58. Bf3 b5 59. Rb7 Kc6 60. Rh7 Kc5 61. Bg2 Ra4+ 62. Kd3 Rg4 63. Be4 Rg3+ 64. Kc2 h3 65. Rh8 Kd4 66. Bb7 h2 67. Rh4+ Kc5 68. Kb1 Rg1+ 69. Kc2 b4 70. Kb3 Rg3+ 71. Kc2 Rc3+ 72. Kd2 Ra3 73. Rh8 b3 74. Be4 Ra2+ 75. Ke3 b2 0-1

[Event "WMSG Blitz 1st (Women)"]
[Site "Beijing"]
[Date "2008.10.04"]
[Round "9"]
[White "Muzychuk, Mariya"]
[Black "Schuurman, Petra"]
[Result "1-0"]
[WhiteElo "2436"]
[BlackElo "2324"]
[PlyCount "83"]
[EventDate "2008.10.04"]
[EventType "swiss (blitz)"]
[EventRounds "11"]
[EventCountry "CHN"]
[SourceTitle "CBM 126 Extra"]
[Source "ChessBase"]
[SourceDate "2008.11.05"]
[SourceVersion "1"]
[SourceVersionDate "2008.11.05"]
[SourceQuality "1"]

1. e4 c6 2. d4 d5 3. e5 Bf5 4. Nc3 a6 5. Be3 Qc7 6. g4 Bc8 7. f4 e6 8. Be2 c5 9. Nf3 h5 10. gxh5 Nh6 11. Qd2 Nf5 12. Bf2 cxd4 13. Nxd4 Nxd4 14. Bxd4 Nc6 15. Bf2 Bb4 16. 0-0-0 Ne7 17. a3 Bxc3 18. Qxc3 Qxc3 19. bxc3 Bd7 20. c4 Bc6 21. Rhg1 Nf5 22. cxd5 Bxd5 23. c4 Rc8 24. c5 Ke7 25. Kb2 Rhd8 26. Bg4 Nh6 27. h3 Be4 28. Rd6 Rxd6 29. exd6+ Kd7 30. Re1 f5 31. Bd1 b5 32. cxb6 Kxd6 33. Bb3 Ng8 34. Bd4 Kd7 35. Bxg7 Rb8 36. Rd1+ Kc6 37. Bd4 Ne7 38. Rc1+ Kd7 39. Rc7+ Ke8 40. Bxe6 Nd5 41. Rc8+ Rxc8 42. Bxc8 1-0

[Event "WMSG Blitz 1st (Women)"]
[Site "Beijing"]
[Date "2008.10.04"]
[Round "6"]
[White "Schuurman, Petra"]
[Black "Dworakowska, Joanna"]
[Result "1-0"]
[WhiteElo "2324"]
[BlackElo "2363"]
[PlyCount "169"]
[EventDate "2008.10.04"]
[EventType "swiss (blitz)"]
[EventRounds "11"]
[EventCountry "CHN"]
[SourceTitle "CBM 126 Extra"]
[Source "ChessBase"]
[SourceDate "2008.11.05"]
[SourceVersion "1"]
[SourceVersionDate "2008.11.05"]
[SourceQuality "1"]

1. Nf3 Nf6 2. c4 e6 3. d4 d5 4. Nc3 c6 5. e3 Be7 6. Be2 0-0 7. 0-0 dxc4 8. Bxc4 b5 9. Be2 a6 10. e4 b4 11. e5 bxc3 12. exf6 cxb2 13. fxe7 bxa1Q 14. exd8Q Rxd8 15. Qb3 e5 16. Bb2 Be6 17. Rxa1 Bxb3 18. axb3 exd4 19. Bxd4 Re8 20. Bc4 Nd7 21. Ng5 Re7 22. h4 a5 23. Bc3 Nb6 24. Rxa5 Rxa5 25. Bxa5 Nxc4 26. bxc4 Ra7 27. Bb6 Ra4 28. c5 Rxh4 29. g3 Rc4 30. Kg2 h6 31. Nf3 f6 32. Nd2 Rc2 33. Ne4 Kf7 34. Nd6+ Ke6 35. Ne8 g5 36. g4 Kf7 37. Nd6+ Kg6 38. Kg3 h5 39. gxh5+ Kxh5 40. Ne4 Kg6 41. Kf3 f5 42. Nd6 Kf6 43. Bd8+ Kg6 44. Nb7 Rb2 45. Nd6 Rc2 46. Nb7 Rb2 47. Bb6 Kf6 48. Nd8 Rb3+ 49. Kg2 f4 50. Nxc6 g4 51. Nd4 Rb2 52. Bc7 g3 53. c6 Rxf2+ 54. Kg1 Rd2 55. Bd8+ Ke5 56. Nf3+ Kd6 57. Nxd2 Kxc6 58. Bg5 Kd5 59. Bxf4 g2 60. Kxg2 Kd4 61. Kf3 Kd3 62. Be3 Kc3 63. Ke2 Kc2 64. Bd4 Kc1 65. Kd3 Kd1 66. Bf2 Kc1 67. Nc4 Kd1 68. Nb2+ Kc1 69. Kc3 Kb1 70. Be3 Ka2 71. Nc4 Kb1 72. Na3+ Ka2 73. Bc5 Ka1 74. Nc2+ Ka2 75. Bb4 Kb1 76. Ba3 Ka2 77. Bc1 Kb1 78. Bg5 Ka2 79. Bf4 Kb1 80. Nb4 Ka1 81. Kb3 Kb1 82. Be3 Ka1 83. Nc2+ Kb1 84. Na3+ Ka1 85. Bd4# 1-0

[Event "WMSG Blitz 1st (Women)"]
[Site "Beijing"]
[Date "2008.10.04"]
[Round "3"]
[White "Yildiz Kadioglu, Betul Cemre"]
[Black "Schuurman, Petra"]
[Result "1-0"]
[WhiteElo "2219"]
[BlackElo "2324"]
[PlyCount "49"]
[EventDate "2008.10.04"]
[EventType "swiss (blitz)"]
[EventRounds "11"]
[EventCountry "CHN"]
[SourceTitle "CBM 126 Extra"]
[Source "ChessBase"]
[SourceDate "2008.11.05"]
[SourceVersion "1"]
[SourceVersionDate "2008.11.05"]
[SourceQuality "1"]

1. e4 c6 2. d4 d5 3. Nc3 dxe4 4. Nxe4 Bf5 5. Ng3 Bg6 6. Nf3 Nd7 7. h4 h6 8. h5 Bh7 9. Bd3 Bxd3 10. Qxd3 e6 11. Bf4 Qa5+ 12. Bd2 Qc7 13. 0-0-0 Ngf6 14. Ne4 Be7 15. Kb1 c5 16. c3 c4 17. Qe2 Nxe4 18. Qxe4 Nf6 19. Qe2 0-0 20. Ne5 b5 21. g4 Nd5 22. Rdg1 b4 23. g5 hxg5 24. h6 g6 25. Nxg6 1-0

[Event "EU-ch (Women) 9th"]
[Site "Plovdiv"]
[Date "2008.04.26"]
[Round "6"]
[White "Molchanova, Tatjana"]
[Black "Schuurman, Petra"]
[Result "1/2-1/2"]
[WhiteElo "2359"]
[BlackElo "2295"]
[PlyCount "97"]
[EventDate "2008.04.21"]
[EventType "swiss"]
[EventRounds "11"]
[EventCountry "BUL"]
[SourceTitle "CBM 123 Extra"]
[Source "ChessBase"]
[SourceDate "2008.05.06"]
[SourceVersion "1"]
[SourceVersionDate "2008.05.06"]
[SourceQuality "1"]

1. e4 c6 2. d4 d5 3. e5 Bf5 4. Nf3 e6 5. Be2 Nd7 6. 0-0 Bg6 7. Nbd2 Nh6 8. Nb3 Be7 9. Bd2 0-0 10. Rc1 c5 11. c4 dxc4 12. Nxc5 b5 13. b3 Nxc5 14. dxc5 Bxc5 15. bxc4 b4 16. Be3 Qb6 17. Bxc5 Qxc5 18. Qd4 Rac8 19. Rfd1 a5 20. Nh4 Nf5 21. Nxf5 Bxf5 22. h4 h6 23. Qf4 a4 24. Bd3 Bxd3 25. Rxd3 f6 26. exf6 Rxf6 27. Qe3 Qxe3 28. fxe3 Rc5 29. Rd8+ Rf8 30. Rxf8+ Kxf8 31. Kf2 Ke7 32. Ke2 Kd6 33. Kd3 Rf5 34. g4 Rf2 35. c5+ Kc6 36. Rc4 Rxa2 37. Rxb4 Kxc5 38. Rb7 g6 39. Rg7 Rh2 40. Rxg6 Rxh4 41. Rxe6 Rh2 42. Kc3 a3 43. Re5+ Kd6 44. Ra5 a2 45. Kb3 Re2 46. Rxa2 Rxe3+ 47. Kc4 Re4+ 48. Kd3 Rxg4 49. Ra6+ 1/2-1/2

[Event "EU-ch (Women) 9th"]
[Site "Plovdiv"]
[Date "2008.04.25"]
[Round "5"]
[White "Schuurman, Petra"]
[Black "Zimina, Olga"]
[Result "1/2-1/2"]
[WhiteElo "2295"]
[BlackElo "2363"]
[PlyCount "73"]
[EventDate "2008.04.21"]
[EventType "swiss"]
[EventRounds "11"]
[EventCountry "BUL"]
[SourceTitle "CBM 123 Extra"]
[Source "ChessBase"]
[SourceDate "2008.05.06"]
[SourceVersion "1"]
[SourceVersionDate "2008.05.06"]
[SourceQuality "1"]

1. d4 d6 2. Nf3 g6 3. c4 Bg7 4. e4 Nd7 5. Nc3 e5 6. Be2 Ne7 7. Be3 0-0 8. 0-0 exd4 9. Nxd4 Nc6 10. Qd2 Nc5 11. Nxc6 bxc6 12. b4 Ne6 13. Rac1 Re8 14. f4 a5 15. b5 c5 16. f5 Nd4 17. fxg6 hxg6 18. Bg5 f6 19. Bh6 Bb7 20. Bd3 Qe7 21. Rfe1 Bxh6 22. Qxh6 Qg7 23. Qf4 Rf8 24. b6 Rae8 25. bxc7 Qxc7 26. Re3 Re5 27. Rg3 Qg7 28. h4 Ne6 29. Qg4 Kh7 30. Rf1 Qh6 31. Rb1 Nf4 32. Nd5 Nxd3 33. Rxd3 Bxd5 34. exd5 Rfe8 35. Qd7+ R8e7 36. Qxd6 Qf4 37. Rf1 1/2-1/2